| 000 | 00518nam a2200169Ia 4500 | ||
|---|---|---|---|
| 008 | 240428s9999||||xx |||||||||||||| ||und|| | ||
| 020 | _a1555873103 | ||
| 041 | _aeng | ||
| 082 | _a320.9-I | ||
| 100 | _aTulchin, Joseph S. (ed) - Bland, Gary (ed) | ||
| 245 | 0 | _aIs there a Transition to Democracy in El Salvador? | |
| 260 |
_bLynne Rienner Pub _aLondon _c1992 |
||
| 300 | _aviii, 213p; | ||
| 650 | _aDemocracy- El Salvador - Politics- El Salvador - Transition to democracy- El Salvador | ||
| 942 | _cBK | ||
| 999 |
_c199 _d199 |
||